[Event "Penang op 8th"]
[Site "Penang"]
[Date "2016.12.07"]
[Round "4"]
[White "Sim, Jia Ru"]
[Black "Singh, Kabir"]
[Result "0-1"]
[WhiteElo "1569"]
[BlackElo "1829"]
[PlyCount "134"]
[EventDate "2016.12.05"]
[EventType "swiss"]
[EventRounds "9"]
[EventCountry "MAS"]
[SourceTitle "CBM 176 Extra"]
[Source "ChessBase"]
[SourceDate "2017.03.02"]
[SourceVersion "1"]
[SourceVersionDate "2017.03.02"]
[SourceQuality "1"]

1. e4 c5 2. Nc3 Nc6 3. Bb5 g6 4. Bxc6 bxc6 5. f4 Bg7 6. Nf3 Nh6 7. 0-0 d6 8. d3 f5 9. e5 0-0 10. Qe1 Qc7 11. exd6 exd6 12. b3 Ba6 13. Bb2 Rae8 14. Qd2 Ng4 15. Rae1 c4 16. h3 Qb6+ 17. d4 Nf6 18. Rxe8 Rxe8 19. Re1 Ne4 20. Qd1 h6 21. Na4 Qb8 22. Nh4 Kh7 23. Nc3 Bf6 24. Nxe4 Bxh4 25. g3 fxe4 26. gxh4 d5 27. Qg4 Bc8 28. Qg3 a5 29. Kh1 a4 30. Bc1 axb3 31. axb3 cxb3 32. cxb3 Bf5 33. Qc3 Rc8 34. Rg1 Qd6 35. Bd2 c5 36. Be3 Qf6 37. Bf2 cxd4 38. Qxd4 Qxd4 39. Bxd4 Rb8 40. Rg3 h5 41. Rc3 Kg8 42. Kh2 Kf7 43. Be5 Rb6 44. Bd4 Rb7 45. Be5 Ke6 46. Rc6+ Kd7 47. Rc3 Be6 48. Kg3 Rb4 49. Re3 Bf5 50. Rc3 d4 51. Rc4 Rxb3+ 52. Kf2 Rf3+ 53. Ke2 d3+ 54. Kd1 Rxh3 55. Rc7+ Ke6 56. Rc6+ Kd7 57. Rc7+ Ke8 58. Ra7 Bg4+ 59. Kd2 Rh2+ 60. Kc3 Rc2+ 61. Kd4 d2 62. Bd6 d1Q+ 63. Ke5 Bd7 64. Ra8+ Rc8 65. Ra5 Kf7 66. Ra7 Re8+ 67. Be7 Rxe7# 0-1

[Event "Penang op 8th"]
[Site "Penang"]
[Date "2016.12.07"]
[Round "5"]
[White "Singh, Kabir"]
[Black "Wika, Hardiyanto"]
[Result "1/2-1/2"]
[WhiteElo "1829"]
[BlackElo "2071"]
[PlyCount "96"]
[EventDate "2016.12.05"]
[EventType "swiss"]
[EventRounds "9"]
[EventCountry "MAS"]
[SourceTitle "CBM 176 Extra"]
[Source "ChessBase"]
[SourceDate "2017.03.02"]
[SourceVersion "1"]
[SourceVersionDate "2017.03.02"]
[SourceQuality "1"]

1. e4 c6 2. d4 d5 3. exd5 cxd5 4. Bd3 Nc6 5. c3 Nf6 6. Bf4 g6 7. Nd2 Bg7 8. Ngf3 0-0 9. 0-0 Bd7 10. Re1 Re8 11. Ne5 Nh5 12. Bg3 Nxg3 13. hxg3 Nxe5 14. dxe5 Qc7 15. Qe2 Rac8 16. Nb3 a5 17. Nd4 e6 18. Rac1 Qb6 19. g4 f6 20. exf6 Bxf6 21. Bb5 Bxb5 22. Nxb5 a4 23. Rc2 Bg7 24. Na3 e5 25. Rd2 Red8 26. Qd1 Qc6 27. Nc2 Qc5 28. Nb4 d4 29. a3 b5 30. cxd4 Rxd4 31. Qe2 Qc4 32. Rc2 Qe6 33. Rxc8+ Qxc8 34. Qxb5 Rxg4 35. Qxa4 h5 36. Qc2 Qf8 37. Re3 Qd6 38. Re4 Rf4 39. Rxf4 exf4 40. Nd3 g5 41. b4 h4 42. Nc5 Qe5 43. a4 g4 44. Qb3+ Kh8 45. Qd1 g3 46. Qd8+ Kh7 47. Qxh4+ Kg8 48. Qd8+ Kh7 1/2-1/2

[Event "Shah Alam Challenger"]
[Site "Shah Alam"]
[Date "2016.01.31"]
[Round "9"]
[White "Lim, Kian Hwa"]
[Black "Singh, Kabir"]
[Result "1/2-1/2"]
[WhiteElo "1778"]
[BlackElo "1666"]
[PlyCount "116"]
[EventDate "2016.01.23"]
[EventType "swiss"]
[EventRounds "9"]
[EventCountry "MAS"]
[SourceTitle "EXT 2017"]
[Source "ChessBase"]
[SourceDate "2016.10.25"]
[SourceVersion "1"]
[SourceVersionDate "2016.10.25"]
[SourceQuality "1"]

1. e4 c5 2. Nc3 Nc6 3. g3 g6 4. Bg2 Bg7 5. d3 d6 6. Be3 Bd7 7. Qd2 e6 8. Nge2 Nd4 9. Nc1 Rb8 10. 0-0 Ne7 11. Nd1 0-0 12. c3 Ndc6 13. Bh6 b5 14. Bxg7 Kxg7 15. Ne3 Qb6 16. f4 b4 17. Rf2 a5 18. g4 f5 19. h3 h6 20. Ne2 bxc3 21. Qxc3+ Kh7 22. Ng3 Nd4 23. exf5 gxf5 24. Re1 Rf7 25. Nc4 Qc7 26. Qxa5 Qxa5 27. Nxa5 fxg4 28. Nc4 gxh3 29. Be4+ Kh8 30. Nxd6 Rg7 31. Kh2 Nef5 32. Ndxf5 exf5 33. Bd5 Bb5 34. Bc4 Bc6 35. Kxh3 Re8 36. Re5 Rxe5 37. fxe5 Bd7 38. Kh2 Rg4 39. Bd5 Kh7 40. e6 Bxe6 41. Bxe6 Nxe6 42. Nxf5 Rf4 43. Rxf4 Nxf4 44. d4 cxd4 45. Nxd4 Nd3 46. b3 Kg7 47. a3 Kf6 48. Kg3 Ke5 49. Nc2 Kd5 50. Kg4 Kc5 51. Kh5 Nc1 52. b4+ Kb5 53. Kxh6 Ka4 54. Kg7 Nd3 55. Kf6 Nb2 56. Ke6 Nc4 57. Kd5 Nxa3 58. Nxa3 Kxb4 1/2-1/2

[Event "Shah Alam Challenger"]
[Site "Shah Alam"]
[Date "2016.01.23"]
[Round "2"]
[White "Foo Chee, Kin"]
[Black "Singh, Kabir"]
[Result "1/2-1/2"]
[WhiteElo "1925"]
[BlackElo "1666"]
[PlyCount "101"]
[EventDate "2016.01.23"]
[EventType "swiss"]
[EventRounds "9"]
[EventCountry "MAS"]
[SourceTitle "EXT 2017"]
[Source "ChessBase"]
[SourceDate "2016.10.25"]
[SourceVersion "1"]
[SourceVersionDate "2016.10.25"]
[SourceQuality "1"]

1. e4 c5 2. Nc3 Nc6 3. g3 g6 4. Bg2 Bg7 5. d3 d6 6. Be3 Bd7 7. Qd2 e6 8. Nge2 Nd4 9. 0-0 Rb8 10. h3 b5 11. Nc1 a6 12. Nd1 e5 13. Kh2 Qc7 14. c3 Nc6 15. Ne2 b4 16. f4 Nge7 17. d4 bxc3 18. bxc3 Na5 19. fxe5 Nc4 20. Qc1 dxe5 21. Bh6 0-0 22. Bxg7 Kxg7 23. Ne3 Nxe3 24. Qxe3 Rb2 25. Rf2 Bb5 26. dxe5 Qxe5 27. Rc1 Nf5 28. Qg5 Rxe2 29. Rxe2 Bxe2 30. exf5 Bd3 31. f6+ Qxf6 32. Qxc5 Bf5 33. Qd4 Rd8 34. Qxf6+ Kxf6 35. g4 Be6 36. Rc2 Bc4 37. Kg3 Ke5 38. Kf2 Kf4 39. Rb2 a5 40. Bf1 Bxf1 41. Kxf1 Rd3 42. Rb7 Rxc3 43. Rxf7+ Kg5 44. Rxh7 Rc2 45. a4 Ra2 46. Rg7 Rxa4 47. h4+ Kh6 48. Ra7 Ra2 49. Ra6 Kg7 50. h5 gxh5 51. gxh5 1/2-1/2

[Event "Penang op 7th"]
[Site "Penang"]
[Date "2015.12.08"]
[Round "2"]
[White "Nguyen, Van Huy"]
[Black "Singh, Kabir"]
[Result "1-0"]
[WhiteElo "2465"]
[BlackElo "1566"]
[PlyCount "57"]
[EventDate "2015.12.07"]
[EventType "swiss"]
[EventRounds "9"]
[EventCountry "MAS"]
[SourceTitle "CBM 169 Extra"]
[Source "ChessBase"]
[SourceDate "2015.12.18"]
[SourceVersion "1"]
[SourceVersionDate "2015.12.18"]
[SourceQuality "1"]

1. d4 Nf6 2. Nf3 g6 3. c4 Bg7 4. Nc3 0-0 5. e4 d6 6. Be2 Na6 7. 0-0 e5 8. Be3 Ng4 9. Bg5 Qe8 10. dxe5 dxe5 11. a3 c6 12. b4 Nc7 13. Nd2 h6 14. Bh4 Nf6 15. c5 Be6 16. Qc2 Nb5 17. Nxb5 cxb5 18. a4 Bd7 19. axb5 Bxb5 20. Nc4 Bxc4 21. Bxc4 g5 22. Bg3 Nh5 23. Rfd1 Nf4 24. Rd6 Qe7 25. Rad1 Rfd8 26. Qa2 Rxd6 27. Rxd6 b5 28. Bxb5 Qb7 29. Rd7 1-0